Normal view
MARC view
- Zafer, Cezmi,
Entry Personal Name
001 - CONTROL NUMBER
- control field: 151840
003 - CONTROL NUMBER IDENTIFIER
- control field: TR-AnTOB
005 - DATE AND TIME OF LATEST TRANSACTION
- control field: 20260115105612.0
008 - FIXED-LENGTH DATA ELEMENTS
- fixed length control field: 960923n| acannaab| |n aaa c
010 ## - LIBRARY OF CONGRESS CONTROL NUMBER
- LC control number: nr 96034185
040 ## - CATALOGING SOURCE
- Original cataloging agency: NjP
- Language of cataloging: eng
- Description conventions: rda
- Transcribing agency: NjP
- Modifying agency: TR-AnTOB
100 10 - HEADING--PERSONAL NAME
- Personal name: Zafer, Cezmi,
- Dates associated with a name: 1953-
670 ## - SOURCE DATA FOUND
- Source citation: Türk deniz ticareti ve Türkiye denizcilik işletmeleri tarihçesi, 1994:
- Information found: v. 1, t.p. (Cezmi Zafer, Basın ve Halkla İlis Md.) jkt. (b. 1953 in Istanbul)



